00979nam a22001457a 4500008004100000020001500041050001700056100002400073245006800097260003900165300002900204500001900233505056900252650001200821120913t xxu||||| |||| 00| 0 eng d a0815957181 aHG221.3.D323 aDahlberg, Arthur O. aHow to reduce interest rates and poverty. /cArthur O. Dahlberg aConnecticut:bDevin-Adair,cc1984. axx,149 p.:bill.;c22cm. aIncludes index aContents: The Nature of the problem -- You, too, can understand money -- A Shifted tax that would lower interest rates immediately -- Roadblocks to the prompt disbursement of money -- Savings -- How hoardable money undermines labor's bargaining power -- Labor unionism: a struggle for income, power, and equity -- The Benefits derived from a shifted tax on demand deposits -- The Gothic age and non-hoardable money -- The Roots of trransfer payments -- The Nature of interest -- The Determinants of interest rates -- How money is given an excessive store of value. bMoney.